[Event "3rd ACP Blitz Final"]
[Site "playchess.com INT"]
[Date "2004.06.05"]
[Round "1.3"]
[White "Nielsen,PH"]
[Black "Najer,E"]
[Result "1-0"]
[WhiteElo "2628"]
[BlackElo "2606"]

1.d4 d5 2.c4 dxc4 3.e4 Nc6 4.Nf3 Bg4 5.d5 Ne5 6.Bf4 Ng6 7.Be3 Nf6 8.Nc3 e5
9.Bxc4 Bd6 10.Bb5+ Bd7 11.Qb3 O-O 12.Bxd7 Qxd7 13.O-O Rfb8 14.a4 c6 15.Bg5 Nh5
16.Rad1 Nhf4 17.Bxf4 Nxf4 18.g3 Qh3 19.Ne1 Ng6 20.Ng2 h5 21.Qc4 Rc8 22.Qe2 Bc5
23.Ne3 Nf4 24.Qf3 g5 25.Ne2 Kh7 26.Nf5 cxd5 27.Nxf4 gxf4 28.Rxd5 Qg4 29.Kg2 Rc7
30.Rc1 Rac8 31.h3 Qg6 32.Rxe5 fxg3 33.Nxg3 Bd6 34.Rxh5+ Kg7 35.Rxc7 Rxc7
36.Rh4 Qe6 37.Nf5+  1-0

[Event "XX Franca Garcia Mem"]
[Site "Osasco BRA"]
[Date "2004.07.05"]
[Round "6"]
[White "Perelshteyn,E"]
[Black "Lima,Da"]
[Result "1/2-1/2"]
[WhiteElo "2500"]
[BlackElo "2542"]

1.d4 d5 2.c4 dxc4 3.e4 c5 4.d5 e6 5.Nc3 exd5 6.Nxd5 Nf6 7.Bg5 Be7 8.Nxf6+ Bxf6
9.Qxd8+ Bxd8 10.Bxd8 Kxd8 11.Bxc4 Be6 12.O-O-O+ Kc7 13.Bd5 Nc6 14.Ne2 Rad8
15.Nf4 Rhe8 16.h4 Nd4 17.Rhe1 Bxd5 18.Nxd5+ Kc6 19.b4 f5 20.b5+ Kd6 21.Nc3 fxe4
22.Nxe4+ Kd5 23.f3 Re6 24.Kb2 a6 25.a4 axb5 26.axb5 Ra8 27.Nc3+ Kd6 28.Ne4+ Kd5
29.Nc3+ Kd6 30.Rxe6+ Kxe6 31.Re1+ Kd6 32.Ne4+ Kd5 33.Nc3+ Kd6 34.Ne4+ Kd5
35.Nc3+ Kd6  1/2-1/2

[Event "3rd Open"]
[Site "La Fere FRA"]
[Date "2004.07.06"]
[Round "5"]
[White "Labarthe,A"]
[Black "Sarakauskiene,Z"]
[Result "1/2-1/2"]
[WhiteElo "2028"]
[BlackElo "2181"]

1.d4 d5 2.c4 dxc4 3.e4 e5 4.Nf3 exd4 5.Bxc4 Bb4+ 6.Nbd2 Nc6 7.O-O Nf6 8.e5 Nd5
9.Ne4 Bg4 10.Qb3 Bxf3 11.Bxd5 Bxe4 12.Bxe4 Rb8 13.Qg3 Kf8 14.Bf4 h5 15.Rac1 h4
16.Qg4 Ne7 17.a3 Ba5 18.b4 Bb6 19.Bg5 c6 20.Bxh4 Qc8 21.Bxe7+ Kxe7 22.Qxg7 Qe6
23.Qg5+ Ke8 24.h3 Bd8 25.Qf5 Qxf5 26.Bxf5 Rh5 27.Bg4 Rxe5 28.Rfe1 Rxe1+ 29.Rxe1+ Kf8
30.Bf5 Be7 31.g3 a5 32.Rb1 axb4 33.axb4 Rd8 34.Bd3 Kg7 35.Kf1 Kf6 36.f4 Bd6
37.Kf2 Re8 38.h4 Re3 39.Rb3 b5 40.h5 Kg7 41.Kg2 Kh6 42.Kf2 f6 43.Kg2 Kxh5
44.Kf2 Kh6 45.Bc2 Re7 46.Kf3 Kg7 47.Be4 Rc7 48.Rb1 Kf7 49.Rc1 c5 50.bxc5 Rxc5
51.Rxc5 Bxc5 52.Bd5+ Kg6 53.Ke4  1/2-1/2

[Event "ch-NOR"]
[Site "Molde NOR"]
[Date "2004.07.07"]
[Round "6"]
[White "Agdestein,S"]
[Black "Gronn,A"]
[Result "1-0"]
[WhiteElo "2595"]
[BlackElo "2310"]

1.d4 d5 2.c4 dxc4 3.e4 Nf6 4.e5 Nd5 5.Bxc4 Nb6 6.Bb3 Nc6 7.Ne2 Bf5 8.Nbc3 e6
9.O-O Qd7 10.a3 Be7 11.Be3 O-O-O 12.Qc1 Kb8 13.Rd1 f6 14.exf6 gxf6 15.Ng3 Bg6
16.d5 Na5 17.Ba2 exd5 18.Nxd5 Nxd5 19.Rxd5 Qa4 20.Bxa7+ Kxa7 21.Qe3+ Kb8
22.Qxe7 Rxd5 23.Bxd5 Qd4 24.Bf3 Re8 25.Qb4 Qxb4 26.axb4 Nb3 27.Rd1 Bc2 28.Bh5 Re6
29.Rd8+ Ka7 30.Be2 Nc1 31.Bf1 Re1 32.Rd2 Ba4 33.f3 Nb3 34.Rf2 Nc1 35.h4 Bb5
36.Kh2 Bxf1 37.Rxf1 Rxf1 38.Nxf1 Nd3 39.Kg3 f5 40.f4 Kb6 41.Ne3 Nxb2 42.Nxf5 Nd3
43.Kf3 Nxb4 44.g4 Kc5 45.g5 b5 46.Ke4 Nd5 47.Nd4 b4 48.f5 Nb6 49.h5 Nd7 50.f6 h6
51.gxh6 Nxf6+ 52.Kf5 Kxd4 53.Kxf6 b3 54.h7 b2 55.h8=Q b1=Q 56.Qd8+ Ke3 57.Qxc7 Qf1+
58.Ke7 Qa1 59.Qb6+ Kd3 60.h6 Qh1 61.Qg6+ Kd2 62.Qg5+ Kd3 63.Qf5+ Kc3 64.h7 Qb7+
65.Kf6 Qc6+ 66.Kg5 Qg2+ 67.Kh4  1-0

[Event "ch-SCCF State"]
[Site "Los Angeles USA"]
[Date "2004.07.10"]
[Round "1"]
[White "Miller,I"]
[Black "Van Buskirk,C"]
[Result "1/2-1/2"]
[WhiteElo "2139"]
[BlackElo "2311"]

1.d4 d5 2.c4 dxc4 3.e4 Nc6 4.Be3 Nf6 5.f3 e5 6.d5 Nd4 7.Bxc4 Bc5 8.Bf2 c6
9.Nc3 Qb6 10.Qd2 cxd5 11.Bxd5 Bd7 12.Bg3 Nxd5 13.Nxd5 Qd6 14.Ne2 Nxe2 15.Qxe2 O-O
16.O-O-O Rac8 17.Kb1 a6 18.Bf2 Bb5 19.Qd2 Bxf2 20.Qxf2 Rfd8 21.Rd2 Bc6 22.Rhd1 Qf8  1/2-1/2

[Event "ITT Copa CMSalud"]
[Site "Vicente Lopez ARG"]
[Date "2004.07.14"]
[Round "6"]
[White "Recoulat,E"]
[Black "Scarella,E"]
[Result "0-1"]
[WhiteElo "2301"]
[BlackElo "2348"]

1.d4 d5 2.c4 dxc4 3.e4 c5 4.d5 e6 5.Nc3 exd5 6.Nxd5 Ne7 7.Bxc4 Nxd5 8.Bxd5 Be7
9.Nf3 O-O 10.O-O Qb6 11.Ne5 Be6 12.Qe2 Bxd5 13.exd5 Bd6 14.Nc4 Qc7 15.g3 Nd7
16.Be3 Nf6 17.Rfd1 Rfe8 18.Rac1 b6 19.Qf3 Rad8 20.Bg5 Be5 21.d6 Bxd6 22.Rxd6 Rxd6
23.Bf4 Qc6 24.Qa3 Rde6 25.Be3 Ng4  0-1

[Event "ACT Open"]
[Site "Amsterdam NED"]
[Date "2004.07.20"]
[Round "4"]
[White "Happel,Hen"]
[Black "Monteban,M"]
[Result "0-1"]
[WhiteElo "2243"]
[BlackElo "2234"]

1.d4 d5 2.c4 dxc4 3.e4 Nc6 4.Be3 Nf6 5.f3 e5 6.d5 Nd4 7.Bxd4 exd4 8.Bxc4 Bb4+
9.Kf1 c5 10.dxc6 O-O 11.Ne2 Ng4 12.Qb3 Qh4 13.Ng3 Nxh2+ 14.Kg1 Qxg3 15.Rxh2 Bd6
16.Rh5 Qe1+ 17.Bf1 Bf4 18.Qd3 bxc6 19.Qe2 Qg3 20.Na3 g6  0-1

[Event "XIII Open"]
[Site "Castellar del Valles ESP"]
[Date "2004.07.20"]
[Round "7"]
[White "Comas Fabrego,L"]
[Black "Borges Mateos,J"]
[Result "1/2-1/2"]
[WhiteElo "2490"]
[BlackElo "2456"]

1.d4 d5 2.c4 dxc4 3.e4 Nf6 4.e5 Nd5 5.Bxc4 Nc6 6.Ne2 Nb6 7.Bd3 Bg4 8.f3 Be6
9.Nbc3 Nb4 10.Be4 N4d5 11.O-O Qd7 12.a4  1/2-1/2

[Event "3rd Asean GM"]
[Site "Bangkok THA"]
[Date "2004.07.31"]
[Round "2"]
[White "Myo Naing"]
[Black "Aung Aung"]
[Result "1-0"]
[WhiteElo "2477"]
[BlackElo "2498"]

1.d4 d5 2.c4 dxc4 3.e4 Nf6 4.e5 Nd5 5.Bxc4 Nb6 6.Bd3 Nc6 7.Ne2 Bg4 8.f3 Be6
9.Nbc3 Bd5 10.Nxd5 Qxd5 11.Be4 Qd7 12.e6 fxe6 13.Bxc6 Qxc6 14.Bf4 Nd5 15.Rc1 Qb6
16.Be5 Rg8 17.Nc3 c6 18.Qe2 g5 19.O-O Rg6 20.Kh1 Nf4 21.Qc2 Bg7 22.Na4 Qb5
23.Bxg7 Rxg7 24.Nc5 Rg6 25.Rfe1 b6 26.a4 Qb4 27.Nxe6 Qd6 28.Nxf4 gxf4 29.Re4 O-O-O
30.Rce1 Rd7 31.h3 Kb7 32.Qc4 Rg5 33.Re6 Qd5 34.Qc3 Rg7 35.a5 Qxd4 36.Qxc6+ Kb8
37.axb6 axb6 38.Ra1  1-0

[Event "Politiken Cup"]
[Site "Copenhagen DEN"]
[Date "2004.07.31"]
[Round "9"]
[White "Svendsen,M"]
[Black "Moen,A"]
[Result "1-0"]
[WhiteElo "2151"]
[BlackElo "2267"]

1.d4 d5 2.c4 dxc4 3.e4 Nc6 4.Be3 e5 5.d5 Nce7 6.Bxc4 a6 7.Nc3 Ng6 8.Qd2 Nf6
9.f3 Bd6 10.Nge2 h5 11.O-O-O Bd7 12.Kb1 b5 13.Bb3 O-O 14.Nc1 a5 15.a4 b4
16.N3e2 Qe8 17.Ng3 Bxa4 18.Nf5 Bxb3 19.Bh6 Bxd1 20.Bxg7 Nh7 21.Bf6 Bc2+ 22.Kxc2 Qa4+
23.b3 Qxb3+ 24.Nxb3 Nxf6 25.Qh6 Ne8 26.h4 a4 27.Nd2 b3+ 28.Kb2 a3+ 29.Kxb3 a2
30.Kb2 Ne7 31.Qg5+ Ng6 32.g4 Ng7 33.Nxd6 cxd6 34.gxh5 Rab8+ 35.Ka1 Rfc8  1-0

[Event "XI Summer Open"]
[Site "Nice FRA"]
[Date "2004.08.03"]
[Round "2"]
[White "Komljenovic,D"]
[Black "Todorov,O"]
[Result "1-0"]
[WhiteElo "2461"]
[BlackElo "2349"]

1.d4 d5 2.c4 dxc4 3.e4 Nf6 4.e5 Nd5 5.Bxc4 Nb6 6.Bb3 Nc6 7.Ne2 Bg4 8.Nbc3 e6
9.Be3 Qd7 10.O-O Rd8 11.a3 Be7 12.Qc1 O-O 13.h3 Bf5 14.Rd1 Qc8 15.Ng3 Bg6
16.Nce4 a5 17.Qc3 a4 18.Ba2 Qa8 19.Rac1 Rd7 20.Nc5 Bxc5 21.Qxc5 Ne7 22.Ne2 Bh5
23.g4 Bg6 24.Ng3 Ned5 25.Qb5 Qd8 26.Qe2 Qh4 27.Kg2 f5 28.exf6 Rxf6 29.Rf1 Rdf7
30.Bd2 h6 31.f4 Kh7 32.f5 exf5 33.gxf5 Bxf5 34.Nxf5 Rg6+ 35.Kh2 Rff6 36.Rf3 Rg4
37.Qd3 g6 38.Rg1  1-0

[Event "XI Summer Open"]
[Site "Nice FRA"]
[Date "2004.08.04"]
[Round "4"]
[White "Komljenovic,D"]
[Black "Gouliev,N"]
[Result "1/2-1/2"]
[WhiteElo "2461"]
[BlackElo "2455"]

1.d4 d5 2.c4 dxc4 3.e4 e5 4.Nf3 exd4 5.Bxc4 Nc6 6.O-O Be6 7.Bxe6 fxe6 8.Qb3 Qd7
9.Qxb7 Rb8 10.Qa6 Nf6 11.Nbd2 Bd6 12.e5 Bxe5 13.Nb3 O-O 14.Nxe5 Nxe5 15.Nc5 Qd5
16.Qxe6+ Rf7 17.Qxd5 Nxd5 18.Re1 Nd7 19.Nd3 Nb4 20.Nxb4 Rxb4 21.b3 Nf6 22.Ba3 Rb5
23.Rac1 Ra5 24.Bc5 d3 25.Red1 Ne4 26.Be3 Rxa2 27.Rxd3 h6 28.Rd4 Nd6 29.Ra4 Rb2
30.b4 Nb5 31.h3 Rf6 32.g4 h5 33.gxh5 Rf5 34.Rc5 Rxc5 35.Bxc5 Kh7 36.Ra5 c6
37.Ra6 Rb3 38.Kh2 Ra3 39.Rxc6 a5 40.Rb6 Nc3 41.h6 Na4 42.Ra6 Nxc5 43.bxc5 gxh6
44.Kg2 Kg7 45.f3 a4 46.Kg3 Rc3 47.c6 a3 48.Kf4 a2 49.Ke5 Rxc6 50.Rxa2 Rc5+
51.Ke6 Rc6+ 52.Kd5 Rc3 53.Ke4 Rc4+ 54.Kf5 Rc5+ 55.Kg4 h5+ 56.Kf4 Rc4+ 57.Kg5 Rc5+
58.Kh4 Kg6 59.Ra6+ Kf5 60.Rh6 Kf4 61.Rf6+ Ke3 62.f4 Ke4 63.Rf8 Rb5 64.Kg3 Rb3+
65.Kh4 Rb5 66.Rf7 Ra5 67.Rh7 Kxf4 68.Rxh5 Rxh5+ 69.Kxh5 Kf5 70.Kh6 Kf6 71.h4 Kf7
72.Kh7 Kf8 73.h5 Kf7 74.h6 Kf8 75.Kg6 Kg8 76.h7+ Kh8 77.Kh6  1/2-1/2

[Event "Knjaz Milos Jezero Open"]
[Site "Belgrade SCG"]
[Date "2004.08.18"]
[Round "2"]
[White "Cvetkovic,N"]
[Black "Aksentijevic,M"]
[Result "0-1"]
[WhiteElo "2033"]
[BlackElo "2219"]

1.d4 d5 2.c4 dxc4 3.e4 c5 4.d5 Nf6 5.Nc3 b5 6.e5 b4 7.Nb5 a6 8.Qa4 Bd7 9.Bxc4 Qb6
10.exf6 Bxb5 11.Bxb5+ Qxb5 12.Qxb5+ axb5 13.fxe7 Bxe7 14.Nf3 Bf6 15.O-O O-O
16.Rd1 Nd7 17.g4 g6 18.g5 Bg7 19.Re1 Ra6 20.Re7 Rd6 21.Be3 Rxd5 22.Rb1 Rc8
23.Bd2 Bf8 24.Re2 c4 25.Be3 Bc5 26.Rd2 Rxd2 27.Bxd2 Ra8 28.Ra1 b3 29.a3 b4
30.a4 Nb6 31.a5 Nd5 32.Rc1 c3 33.bxc3 b2 34.Rb1 bxc3 35.Bxc3 Nxc3 36.Rxb2 Rxa5
37.Rb8+ Kg7 38.Nd2 Bd6  0-1

[Event "Open"]
[Site "Vladimir RUS"]
[Date "2004.08.19"]
[Round "2"]
[White "Khismatullin,D"]
[Black "Kiselev,G"]
[Result "0-1"]
[WhiteElo "2556"]
[BlackElo "2442"]

1.d4 d5 2.c4 dxc4 3.e4 c5 4.d5 e6 5.Nc3 exd5 6.Nxd5 Nf6 7.Bxc4 Nxd5 8.Bxd5 Be7
9.Qh5 O-O 10.Nf3 Nd7 11.Bg5 Nf6 12.Bxf6 Bxf6 13.O-O-O Qb6 14.e5 Be7 15.h4 c4
16.Rd4 c3 17.bxc3 Be6 18.Bxe6 fxe6 19.Qg4 Rac8 20.Kc2 h5 21.Qg6 Bb4 22.Rd7 Rxc3+
23.Kd1 Be7 24.Ng5 Rc1+ 25.Kxc1 Qc6+ 26.Qc2 Bxg5+ 27.hxg5 Qxd7 28.Kb1 Qb5+
29.Qb3 Qxb3+ 30.axb3 Rxf2 31.Rxh5 Rxg2  0-1

[Event "TCh-CRO"]
[Site "Rabac CRO"]
[Date "2004.09.05"]
[Round "1"]
[White "Jovanic,O"]
[Black "Sermek,D"]
[Result "0-1"]
[WhiteElo "2440"]
[BlackElo "2547"]

1.d4 d5 2.c4 dxc4 3.e4 e5 4.Nf3 exd4 5.Bxc4 Nc6 6.O-O Be6 7.Bxe6 fxe6 8.Qb3 Qd7
9.Qxb7 Rb8 10.Qa6 Nf6 11.Nbd2 Bb4 12.e5 Ng4 13.Nb3 O-O 14.Qd3 Qd5 15.Nfxd4 Bc5
16.Nxc5 Nxd4 17.Qe4 Qxe4 18.Nxe4 Ne2+ 19.Kh1 Rb4 20.Nc3 Nxf2+ 21.Rxf2 Rxf2
22.Be3 Rf7 23.Nxe2 Re4 24.Bxa7 Rxe2 25.Bd4 c5 26.Bc3 Rff2 27.Rg1 Kf7 28.h3 Ke7
29.Be1 Rf5 30.Bc3 Kd7 31.Rd1+ Kc7 32.Rd6 Rf1+ 33.Kh2 Rff2 34.Rxe6 Rxg2+ 35.Kh1 Rh2+
36.Kg1 Reg2+ 37.Kf1 Rc2 38.Kg1 Rxh3 39.Re7+ Kc6 40.Rxg7 Rh6 41.Rf7 Kd5 42.a4 Rg6+
43.Kf1 h5 44.Rh7 Rh2 45.a5 h4 46.Rd7+ Kc4 47.Rd2 Rh1+ 48.Kf2 h3  0-1

[Event "36th Olympiad w"]
[Site "Calvia ESP"]
[Date "2004.10.17"]
[Round "2"]
[White "Radziewicz,I"]
[Black "Lagvilava,G"]
[Result "1-0"]
[WhiteElo "2449"]
[BlackElo "2299"]

1.d4 d5 2.c4 dxc4 3.e4 e5 4.Nf3 exd4 5.Bxc4 Nc6 6.O-O Be6 7.Bxe6 fxe6 8.Qb3 Qd7
9.Qxb7 Rb8 10.Qa6 Nf6 11.Nbd2 Bb4 12.Qd3 Bxd2 13.Bxd2 O-O 14.b3 Qd6 15.h3 Nd7
16.Rac1 Nce5 17.Nxe5 Nxe5 18.Qg3 c5 19.Kh1 Nf7 20.f4 Qa6 21.f5 e5 22.Rf2 Rbc8
23.f6 g6 24.h4 Kh8 25.h5 Rg8 26.Qh3 Rc7 27.Rcf1 Qc8 28.Qh4 c4 29.bxc4 Rxc4
30.Bh6 Nxh6 31.f7 Nxf7 32.hxg6 Ng5 33.Qxg5 Rc5 34.g7+  1-0

[Event "Essent Open"]
[Site "Hoogeveen NED"]
[Date "2004.10.17"]
[Round "3"]
[White "Gurevich,M"]
[Black "Jonkman,H"]
[Result "1-0"]
[WhiteElo "2644"]
[BlackElo "2417"]

1.d4 d5 2.c4 dxc4 3.e4 Nf6 4.e5 Nd5 5.Bxc4 Nb6 6.Bb3 Nc6 7.Ne2 Bf5 8.Nbc3 e6
9.O-O Qd7 10.a3 O-O-O 11.Be3 h5 12.Qc1 f6 13.Rd1 Na5 14.Ba2 Nac4 15.d5 Qe8
16.Bxb6 Nxb6 17.Nd4 fxe5 18.Nxe6 Bxe6 19.dxe6 Rxd1+ 20.Qxd1 Bc5 21.Qe2 Bd6
22.Rc1 Kb8 23.Ne4 a6 24.h3 Qb5 25.Qd2 Be7 26.b4 Rd8 27.Qc3 c6 28.Qg3 g5 29.Nc3 Qd3
30.Qxe5+ Ka8 31.Rd1 Qc2 32.Rxd8+ Bxd8 33.Qd6 Bf6 34.Qf8+  1-0

[Event "36th Olympiad"]
[Site "Calvia ESP"]
[Date "2004.10.19"]
[Round "5"]
[White "Thorfinnsson,Br"]
[Black "Brynell,S"]
[Result "1-0"]
[WhiteElo "2435"]
[BlackElo "2473"]

1.d4 d5 2.c4 dxc4 3.e4 Nc6 4.Be3 Nf6 5.Nc3 Ng4 6.Bxc4 e5 7.Qb3 Qd7 8.Bb5 exd4
9.O-O-O Bd6 10.Bxd4 O-O 11.Bc5 Qe7 12.Bxd6 cxd6 13.Nd5 Qd8 14.Nh3 Be6 15.f3 Rc8
16.Kb1 Nf6 17.Nhf4 Nxd5 18.Nxe6 fxe6 19.exd5 exd5 20.Rxd5 Kh8 21.Rhd1 Qh4
22.h3 Qg3 23.R5d2 a6 24.Bd3 b5 25.Be4 Na5 26.Qd3 Nc4 27.Re2 Qh4 28.Bb7 Rb8
29.Qe4 Qf6 30.Bd5 Rbc8 31.Rc1 Nb6 32.Rxc8 Nxc8 33.Bb3 Nb6 34.Bc2 g6 35.Bb3 Rc8
36.Qb7 Qd4 37.Re1 Qd3+ 38.Ka1 Qd2 39.Rb1 Qe3 40.Qf7 Nc4 41.Qf6+ Kg8 42.Qxd6 Re8
43.Qxa6 Qc5 44.Qf6 Rf8 45.Qc3 Re8 46.Rd1 h5 47.Qf6 Qf5 48.Qxf5 gxf5 49.a4 Kg7
50.Bxc4 bxc4 51.Rd4 Rc8 52.Kb1 Kf6 53.Kc2 Rg8 54.Rd2 Ra8 55.b3 cxb3+ 56.Kxb3 Ke5
57.Ra2 Kd4 58.a5 Rb8+ 59.Kc2 Rg8 60.Kd1 Ke3 61.Ke1 Rb8 62.Ra3+ Kf4 63.a6 Kg3
64.a7 Ra8 65.Kf1 h4 66.Ra5 Kh2 67.Kf2 f4 68.Ra4 Kh1 69.Ra1+ Kh2 70.Ra4 Kh1
71.Ra6 Kh2 72.Ra1  1-0

[Event "36th Olympiad w"]
[Site "Calvia ESP"]
[Date "2004.10.19"]
[Round "5"]
[White "Malajovich,S"]
[Black "Muhren,B"]
[Result "0-1"]
[WhiteElo "2118"]
[BlackElo "2343"]

1.d4 d5 2.c4 dxc4 3.e4 e5 4.Nf3 exd4 5.Bxc4 Nc6 6.Qb3 Bb4+ 7.Bd2 Bxd2+ 8.Nbxd2 Qe7
9.Bd5 Nf6 10.Bxc6+ bxc6 11.O-O c5 12.Rac1 O-O 13.Qa3 Nxe4 14.Rfe1 f5 15.Nb3 Qf6
16.Nxc5 Rb8 17.Qxa7 Rxb2 18.Nd3 Rb7 19.Qa5 Qd6 20.Qe5 Ra7 21.Qxd6 cxd6 22.Nxd4 Rxa2
23.f3 Nf6 24.Nb4 Ra4 25.Nbc6 Nd5 26.Nb5 Bd7 27.Nbd4 Rc8 28.Rc2 Kf8 29.Ne6+ Kg8
30.Ned4 h6 31.Re7 Nxe7 32.Nxe7+ Kf7 33.Nxc8 Rxd4 34.Nb6 Bb5 35.Kf2 f4 36.Rb2 Be8
37.Nc8 Ba4 38.Ra2 Ke6 39.Re2+ Kf6 40.Ra2 Bd7 41.Nb6 Be6 42.Rb2 g5 43.Ke2 Ke5
44.Rb5+ d5 45.Rb2 Kd6 46.Rc2 Rb4 47.Nc8+ Bxc8 48.Rxc8 Rb2+ 49.Kf1 Ke5 50.Rc6 d4
51.Rxh6 d3 52.Rh8 Rb1+ 53.Kf2 d2 54.Re8+ Kf6  0-1

[Event "36th Olympiad w"]
[Site "Calvia ESP"]
[Date "2004.10.23"]
[Round "8"]
[White "Mkrtchian,L"]
[Black "Krush,I"]
[Result "1/2-1/2"]
[WhiteElo "2374"]
[BlackElo "2464"]

1.d4 d5 2.c4 dxc4 3.e4 e5 4.Nf3 Bb4+ 5.Nc3 exd4 6.Qxd4 Qxd4 7.Nxd4 Bd7 8.Bxc4 Nc6
9.Nxc6 Bxc6 10.f3 Ne7 11.Bf4 Bd7 12.O-O-O Bxc3 13.bxc3 O-O-O 14.Bg5 f6 15.Be3 Nc6
16.Rd5 Be6 17.Rxd8+ Nxd8 18.Bb3 Re8 19.Ba4 Bd7 20.Bc2 Nc6 21.Rd1 a6 22.a4 Na5
23.g4 Nc4 24.Bd4 Ne5 25.Rf1 Be6 26.Bd1 c5 27.Be3 Kc7 28.g5 Kb6 29.gxf6 gxf6
30.Rg1 Rd8 31.Rg7 Rd3 32.Bd2 Nxf3 33.Bxf3 Rxf3 34.Rxh7 Rh3 35.Rxh3 Bxh3 36.Bh6 Ka5
37.Bg7 Kxa4 38.Kb2 Bg2 39.Bxf6 Bxe4 40.Be7 Kb5 41.Bf8 Kc4 42.Be7 a5 43.Bd8 a4
44.Be7 b6 45.Bd8 b5 46.Be7 b4 47.cxb4 cxb4 48.Bxb4 Kxb4 49.h4 a3+  1/2-1/2

[Event "36th Olympiad w"]
[Site "Calvia ESP"]
[Date "2004.10.24"]
[Round "9"]
[White "Khudaverdieva,A"]
[Black "Muhren,B"]
[Result "0-1"]
[WhiteElo "2086"]
[BlackElo "2343"]

1.d4 d5 2.c4 dxc4 3.e4 e5 4.Nf3 exd4 5.Bxc4 Nc6 6.O-O Be6 7.Bxe6 fxe6 8.Qb3 Qd7
9.Qxb7 Rb8 10.Qa6 Nf6 11.Nbd2 Bd6 12.e5 Bxe5 13.Nxe5 Nxe5 14.Qxa7 O-O 15.Nb3 Nc6
16.Qc5 Ne4 17.Qc4 Rb4 18.Qd3 Qd5 19.f4 Rf6 20.Re1 Nd6 21.Bd2 Rg6 22.g3 Rb5
23.Rac1 e5 24.Rxc6 Qxc6 25.fxe5 Nc8 26.Qxd4 Qb6 27.Be3 Qxd4 28.Bxd4 Ne7 29.Bc5 Kf7
30.Kf2 Rc6 31.Bd4 Ra6 32.e6+ Ke8 33.Bxg7 Rxa2 34.Nd2 Ra6 35.Ne4 Rxe6 36.Bc3 Kf8
37.Kg2 Nd5 38.Rf1+ Ke7 39.Re1 Nxc3 40.bxc3 Rb2+ 41.Kh3 Ra2 42.c4 Rc2 43.Kg4 Rxh2
44.Kf3 Rc2 45.c5 Rc4 46.Re2 h5 47.Re3 Kf8 48.Re2 Kg7 49.Re3 Kg6 50.Kf4 Re8
51.Kf3 Re7 52.Kf4 Re6 53.g4 hxg4  0-1

[Event "4th Rohde Open"]
[Site "Sautron FRA"]
[Date "2004.10.24"]
[Round "2"]
[White "Denis,L"]
[Black "Gouliev,N"]
[Result "0-1"]
[WhiteElo "2243"]
[BlackElo "2509"]

1.d4 d5 2.c4 dxc4 3.e4 e5 4.Nf3 exd4 5.Bxc4 Nc6 6.O-O Be6 7.Bb5 Bc5 8.Nbd2 Ne7
9.Nb3 Bxb3 10.Qxb3 Bb6 11.Bg5 O-O 12.Bxc6 bxc6 13.Ne5 Qd6 14.f4 Ng6 15.Nc4 Qc5
16.Rac1 Rae8 17.f5 Ne5 18.f6 Re6 19.Rf5 d3+ 20.Kh1 g6 21.Nxe5 Qb5 22.Nxg6 Qxb3
23.Ne7+ Rxe7 24.axb3 Rxe4 25.Bh6 Be3 26.Bxe3 Rxe3 27.Rg5+ Kh8 28.h3 d2  0-1

[Event "36th Olympiad"]
[Site "Calvia ESP"]
[Date "2004.10.26"]
[Round "11"]
[White "Kanep,M"]
[Black "Mihalcisin,A"]
[Result "1/2-1/2"]
[WhiteElo "2475"]
[BlackElo "2512"]

1.d4 d5 2.c4 dxc4 3.e4 e5 4.Nf3 exd4 5.Bxc4 Nc6 6.O-O Be6 7.Bb5 Bc5 8.b4 Bb6
9.Bb2 Ne7 10.Bxd4 O-O 11.Bc5 Bxc5 12.bxc5 a6 13.Bxc6 Nxc6 14.Nc3 Bc4 15.Re1 Qe7
16.Rc1 Qxc5 17.Nd5 b5 18.Nd2 Ne5 19.Nxc4 Nxc4 20.Qc2 Qd6 21.Ne3  1/2-1/2

[Event "4th Rohde Open"]
[Site "Sautron FRA"]
[Date "2004.10.26"]
[Round "4"]
[White "Paci,C"]
[Black "Ivanov,J"]
[Result "1-0"]
[WhiteElo "2254"]
[BlackElo "2395"]

1.d4 d5 2.c4 dxc4 3.e4 c5 4.d5 Nf6 5.Nc3 b5 6.Bf4 Qa5 7.e5 b4 8.Na4 Ne4 9.Bxc4 b3+
10.Nc3 Nxc3 11.Qd2 Ba6 12.Bxa6 Nxa6 13.bxc3 Qa4 14.Nf3 b2 15.Qxb2 Rb8 16.Qd2 Qe4+
17.Be3 Rb1+ 18.Rxb1 Qxb1+ 19.Ke2 Qxh1 20.Qb2 Kd8 21.e6 fxe6 22.dxe6 Kc7 23.Qb5 g5
24.Ne5 Kd6 25.Nc4+ Kxe6 26.Qc6+ Kf7 27.Ne5+ Kg7 28.Bxg5 Qxh2 29.Qe6 Qh5+
30.f3 Nc7 31.Bh6+  1-0

[Event "World Seniors"]
[Site "Halle GER"]
[Date "2004.10.27"]
[Round "4"]
[White "Kanko,I"]
[Black "Waisberg,A"]
[Result "1-0"]
[WhiteElo "2271"]
[BlackElo "2121"]

1.d4 d5 2.c4 dxc4 3.e4 e5 4.Nf3 Bb4+ 5.Bd2 Bxd2+ 6.Nbxd2 exd4 7.Bxc4 Nf6
8.O-O O-O 9.e5 Nd5 10.Ne4 Bf5 11.Nd6 cxd6 12.Bxd5 Nc6 13.Bxc6 bxc6 14.Nxd4 Be4
15.exd6 Qxd6 16.Re1 Rfe8 17.Ne2 Qg6 18.Ng3 Bd5 19.Qa4 f6 20.Qa5 h5 21.h4 Qg4
22.Rxe8+ Rxe8 23.Qxa7 Qxh4 24.Qxg7+ Kxg7 25.Nf5+ Kf7 26.Nxh4 Rb8 27.a4 Rxb2
28.a5 Ra2 29.Rxa2 Bxa2 30.Nf5 c5 31.Ne3 Bb1 32.a6 Be4 33.f3 Bc6 34.Kf2 Ke6
35.Nc4 Kd7 36.Ke3 Kc7 37.Kf4 Bd5 38.a7 Ba8 39.Kf5 Kb7 40.Kxf6 Kxa7 41.Kg5 Ka6
42.Kxh5 Kb5 43.Ne3 c4 44.f4 c3 45.g4 Be4 46.f5 Kc5 47.f6 Bd5 48.Kg6 Kd4 49.Nc2+ Kd3
50.Na3 Ke3 51.g5 Kf4 52.Kh6 Kf5 53.Nc2 Be6 54.Nd4+ Ke5 55.Ne2 c2 56.Kg7 Bc4
57.Nc1 Ke6 58.f7  1-0

[Event "36th Olympiad"]
[Site "Calvia ESP"]
[Date "2004.10.28"]
[Round "13"]
[White "Abdulla,AlR"]
[Black "Thorhallsson,T"]
[Result "1-0"]
[WhiteElo "2474"]
[BlackElo "2460"]

1.d4 d5 2.c4 dxc4 3.e4 Nf6 4.e5 Nd5 5.Bxc4 a6 6.Nc3 Nxc3 7.bxc3 e6 8.Qg4 c5
9.Nf3 cxd4 10.cxd4 h5 11.Qe4 Qc7 12.Bd2 Bd7 13.d5 exd5 14.Bxd5 Bc6 15.O-O Bxd5
16.Qxd5 Qd7 17.Qb3 Be7 18.Bg5 Qb5 19.Qe3 Qc5 20.Qe4 Bxg5 21.Nxg5 Nc6 22.Rfe1 Qe7
23.h4 g6 24.e6 f5 25.Qc4 O-O-O 26.Rac1 Rd2 27.Nf7 Rf8 28.Qf4 Rd5 29.Rcd1 Rxd1
30.Rxd1 Qxe6 31.Nd6+ Kb8 32.Rb1 Ka8 33.Rxb7 Rd8 34.Qa4 Qe1+ 35.Kh2 Qxf2 36.Qxa6+ Na7
37.Rb4 Rd7 38.Qc4 Qd2 39.Qg8+  1-0

[Event "8th OIBM"]
[Site "Bad Wiessee GER"]
[Date "2004.10.30"]
[Round "2"]
[White "Hertneck,G"]
[Black "Bandow,A"]
[Result "1-0"]
[WhiteElo "2552"]
[BlackElo "2177"]

1.d4 d5 2.c4 dxc4 3.e4 c6 4.Bxc4 b5 5.Bb3 e6 6.Nc3 a6 7.Be3 Nf6 8.Bc2 Nbd7
9.Nh3 c5 10.e5 cxd4 11.Bxd4 Nd5 12.Nxd5 exd5 13.Nf4 Bb4+ 14.Kf1 Bb7 15.Qg4 O-O
16.Nh5 g6 17.Qxd7  1-0

[Event "4th Rohde Open"]
[Site "Sautron FRA"]
[Date "2004.10.31"]
[Round "9"]
[White "Serralta,M"]
[Black "Ivanov,J"]
[Result "0-1"]
[WhiteElo "2073"]
[BlackElo "2395"]

1.d4 d5 2.c4 dxc4 3.e4 Nf6 4.e5 Nd5 5.Bxc4 Nb6 6.Bb3 Nc6 7.Nf3 Bg4 8.Bxf7+ Kxf7
9.Ng5+ Ke8 10.Qxg4 Qxd4 11.Qe2 Qxe5 12.Be3 e6 13.Nc3 Bd6 14.f4 Qf6 15.O-O h6
16.Nge4 Qe7 17.Rad1 Rf8 18.Qh5+ Qf7 19.Qxf7+ Kxf7 20.Nxd6+ cxd6 21.Bxb6 axb6
22.Rxd6 Rad8 23.Rfd1 Rxd6 24.Rxd6 Ke7 25.Rd3 Rxf4 26.g3 Rd4 27.Rxd4 Nxd4
28.Kf2 Kd6 29.Ke3 Ke5 30.Na4 b5 31.Nc5 Nf5+ 32.Kf3 Nd6 33.Nd3+ Kd4 34.Nf4 e5
35.Ne6+ Kd3  0-1

[Event "TCh-SWE Elitserien 2004-5"]
[Site "Skara SWE"]
[Date "2004.11.06"]
[Round "2"]
[White "Lyrberg,P"]
[Black "Vernersson,P"]
[Result "1/2-1/2"]
[WhiteElo "2432"]
[BlackElo "2406"]

1.d4 d5 2.c4 dxc4 3.e4 Nf6 4.Nc3 e5 5.Nf3 exd4 6.Qxd4 Qxd4 7.Nxd4 Bc5 8.Ndb5 Na6
9.Bf4 Be6 10.Bxc7 O-O 11.Bd6 Rfd8 12.Rd1 Ne8 13.Bxc5 Rxd1+ 14.Kxd1 Nxc5 15.Kc1 a6
16.Nd4 b5 17.Nxe6 fxe6 18.Be2 Kf7 19.Rd1 Ke7 20.f4 Rc8 21.Rd4 Nd6 22.g4 Ndb7
23.e5 Rd8 24.Rxd8 Nxd8 25.Kd2 Nc6 26.Ke3 Nb4 27.Bd1 Nbd3 28.b3 b4 29.Ne2 cxb3
30.axb3 g5 31.Kd4 gxf4 32.Nxf4 Nxf4 33.Kxc5 Nd3+ 34.Kd4 Nf4 35.Bc2 h6 36.Be4 Nh3
37.Bd3 a5 38.Ke3 Ng5 39.h4 Nf7 40.Kd4 Nd8 41.Be4 Kf8 42.Ke3 Kg7 43.Kd4 Kf8
44.Bf3 Nf7 45.Be2 Nd8 46.Bb5 Nf7 47.Be2 Nd8 48.Kc5 Nf7 49.Kb5 Nxe5 50.Kxa5 Nc6+
51.Kb6 Ne7 52.Kc5 Ng6 53.h5 Nf4 54.Bf3 Nd3+ 55.Kd4 Nc1  1/2-1/2

[Event "FSGM November"]
[Site "Budapest HUN"]
[Date "2004.11.12"]
[Round "7"]
[White "Ilincic,Z"]
[Black "Reutsky,S"]
[Result "1-0"]
[WhiteElo "2522"]
[BlackElo "2318"]

1.d4 d5 2.c4 dxc4 3.e4 Nf6 4.e5 Nd5 5.Bxc4 Nb6 6.Bb3 Nc6 7.Ne2 Bf5 8.Nbc3 e6
9.a3 Qd7 10.O-O O-O-O 11.Be3 f6 12.exf6 gxf6 13.Ng3 Nxd4 14.Bxd4 Qxd4 15.Qxd4 Rxd4
16.Nxf5 exf5 17.Nb5 Rd8 18.Nxa7+ Kb8 19.Nb5 c6 20.Nc3 Bc5 21.Rfd1 Bd4 22.Kf1 f4
23.Rd3 Be5 24.Rad1 Rxd3 25.Rxd3 Re8 26.Rh3 Re7 27.Bg8 Re8 28.Bf7 Rh8 29.Rh6 Nd7
30.h4 Kc7 31.Bg6 Nf8 32.Bf5 Kd8 33.a4 Rg8 34.Ne4 Rg7 35.b3 b6 36.Ke2 Rxg2
37.Nxf6 Bd4 38.Ne4 Ng6 39.Bxg6 hxg6 40.h5 Ke7 41.Kf3 Rg1 42.Rxg6 Rb1 43.Kxf4 Rxb3
44.Rxc6 Rb4 45.Kf5 Rxa4 46.f4 b5 47.Rc7+ Kd8 48.Rb7 b4 49.Ke6 Ra7 50.Rb8+ Kc7
51.Rxb4 Be3 52.Nf6 Ra6+ 53.Kf7 Kd6 54.h6 Ra7+ 55.Kg6 Ra1 56.h7 Rh1 57.Rb8  1-0

[Event "WYg14"]
[Site "Heraklio GRE"]
[Date "2004.11.13"]
[Round "11"]
[White "Wang Xiaohui"]
[Black "Charochkina,D"]
[Result "0-1"]
[WhiteElo "2210"]
[BlackElo "2160"]

1.d4 d5 2.c4 dxc4 3.e4 e5 4.d5 Nf6 5.Nc3 b5 6.Nxb5 Nxe4 7.Qa4 c6 8.dxc6 Nxc6
9.Qxc4 Bb4+ 10.Nc3 Nd4 11.Bd3 Nc5 12.Bb1 Rb8 13.Bd2 O-O 14.Ne4 Ba6 15.Qc1 Nd3+
16.Bxd3 Bxd3 17.Nc3 Nc2+ 18.Kd1 Bxc3 19.Bxc3 Be4+ 20.Bd2 Nxa1 21.f3 Bg6 22.Qxa1 Qd3
23.Ke1 Qc2 24.b3 Rfd8  0-1